000 00659nam0a22002531 4500
001 RU\NLR\INFOCOMM10\ROSSICA\1000246618
005 20250613192628.0
035 _a(NLR Aleph) 009956304
090 _a9580454
_c9580454
100 _a20040508d1918 |||y0rusy50 ca
101 0 _ager
102 _aRU
105 _ay ||||000ay
200 1 _aDie Zukunst der deutschen Kirchenschulen in St. Petersburg
_fPantenius, H.
210 _aSpb.
_d1918
215 _d
700 1 _aPantenius
_bH.
_4070
801 1 _aRU
_bInfoComm
_c20040508
801 0 _aRU
_bNLR
_gPSBO
852 _aNLR
_jЕб 562
942 _cBOOK
980 _aNB
980 _aRossica